| 000 | 01477cam a22003734a 4500 | ||
|---|---|---|---|
| 999 |
_c49980 _d49980 |
||
| 003 | BJBSDDR | ||
| 005 | 20230410115906.0 | ||
| 007 | ta | ||
| 008 | 060929s2006 sp a b s000 0 spa | ||
| 020 | _a8400084381 | ||
| 020 | _a9788400084387 | ||
| 035 | _a(SP-BaPL)pu060002764 | ||
| 040 |
_aDLC _cDLC _bspa |
||
| 041 | _aspa | ||
| 043 | _acl----- | ||
| 050 | 1 | 4 |
_aQ 130 _bC569 2006 |
| 245 | 0 | 0 |
_aCiencia, tecnología y género en Iberoamérica / _cEulalia Pérez Sedeño ... [et al.] (coordinadoras). |
| 260 |
_aMadrid : _bConsejo Superior de Investigaciones Científicas - CSIC, _c2006. |
||
| 300 |
_a560 p. : _bill. ; _c21 cm. |
||
| 490 | 0 |
_aMonografías ; _v29 |
|
| 504 | _aIncludes bibliographical references. | ||
| 650 | 0 |
_aWomen in science _zLatin America. |
|
| 650 | 4 |
_aCiencia _zAmérica Latina _9566 |
|
| 650 | 4 |
_aMujeres en la ciencia _zAmérica Latina _917215 |
|
| 650 | 0 |
_aWomen in technology _zLatin America. |
|
| 650 | 0 |
_aWomen in higher education _zLatin America. |
|
| 650 | 4 |
_aMujeres _xEducación superior _zAmérica Latina _917418 |
|
| 700 | 1 |
_aPérez Sedeño, Eulalia, _917214 _d1954- _ecoordinadora |
|
| 830 | 0 |
_917213 _aMonografías (Consejo Superior de Investigaciones Científicas (España)) |
|
| 856 | 4 | 2 |
_3Publisher description _uhttp://www.loc.gov/catdir/enhancements/fy1116/2008350884-d.html |
| 906 |
_a7 _bcbc _corigres _d2 _encip _f20 _gy-gencatlg |
||
| 942 |
_2lcc _cBK |
||